Los evangelios. Narraciones e historia
Gardado en:
| Autor Principal: | |
|---|---|
| Outros autores: | |
| Formato: | Libro |
| Idioma: | inglés |
| Publicado: |
Pamplona, España
Verbo Divino
2011
|
| Edición: | Primera edición |
| Series: | La Biblia y las mujeres. 4
|
| Subjects: | |
| Tags: |
Engadir etiqueta
Sen Etiquetas, Sexa o primeiro en etiquetar este rexistro!
|
MARC
| LEADER | 00000cam a2200000 a 4500 | ||
|---|---|---|---|
| 003 | CL-VaPUC | ||
| 005 | 20220721180905.0 | ||
| 008 | 210426b ||||| |||| 00| 0 eng d | ||
| 999 | |c 375061 |d 375059 | ||
| 020 | |a 978-84-9945-139-8 | ||
| 040 | |c Pontificia Universidad Católica de Valparaíso | ||
| 082 | |a 226 NAV 2011 | ||
| 100 | |a Navarro Puerto, Mercedes |e editora |9 873624 | ||
| 245 | |a Los evangelios. |b Narraciones e historia | ||
| 250 | |a Primera edición | ||
| 260 | |a Pamplona, España |b Verbo Divino |c 2011 | ||
| 300 | |a 508 páginas | ||
| 440 | |a La Biblia y las mujeres. |p 4 |9 860743 | ||
| 583 | |c 20210426 | ||
| 650 | |a Nuevo testamento |x Evangelios |9 860744 | ||
| 700 | |a Perroni, Marinella |e editora |9 860745 | ||
| 942 | |2 ddc |c BK | ||
| 952 | |0 0 |1 0 |3 erb |4 0 |6 226_000000000000000_NAV_2011 |7 0 |8 A |9 493948 |a BIBTEO |b BIBTEO |d 2019-08-13 |e 8 |g 30451.00 |i 555957K |l 1 |o 226 NAV 2011 |p 555957K |r 2025-01-17 |s 2022-11-02 |v 30451.00 |w 2019-11-24 |y BK |z Catalogado en:20190814 |k ICR | ||